| 000 -CABECERA |
| Longitud fija campo de control |
00917nam a22002773i 4500 |
| 001 - NÚMERO DE CONTROL |
| Número de control |
991061034091706706 |
| 003 - IDENTIFICADOR DEL NÚMERO DE CONTROL |
| Identificador del número de control |
OSt |
| 005 - FECHA Y HORA DE LA ÚLTIMA TRANSACCIÓN |
| Fecha y hora de la última transacción |
20231003115551.0 |
| 006 - CÓDIGOS DE INFORMACIÓN DE LONGITUD FIJA - CARACTERÍSTICAS DEL MATERIAL ADICIONAL |
| Códigos de información de longitud fija - Caracter&íacute;sticas del material adicional |
m o d | |
| 007 - CAMPO FIJO DE DESCRIPCIÓN FÍSICA |
| Campo fijo de descripción f&íacute;sica |
cr cnu|||||||| |
| 008 - CÓDIGOS DE INFORMACIÓN DE LONGITUD FIJA |
| Códigos de información de longitud fija |
230916s2023 xx o ||||0 spa d |
| 020 ## - NÚMERO INTERNACIONAL NORMALIZADO PARA LIBROS |
| Número Internacional Normalizado para Libros (ISBN) |
8417880836 |
| 035 ## - NÚMERO DE CONTROL DEL SISTEMA |
| Número de control del sistema |
(MiAaPQ)EBC30742641 |
| 035 ## - NÚMERO DE CONTROL DEL SISTEMA |
| Número de control del sistema |
(Au-PeEL)EBL30742641 |
| 035 ## - NÚMERO DE CONTROL DEL SISTEMA |
| Número de control del sistema |
(EXLCZ)9928223007500041 |
| 040 ## - FUENTE DE LA CATALOGACIÓN |
| Centro catalogador de origen |
MiAaPQ |
| Lengua de catalogación |
eng |
| Normas de descripción |
rda |
| -- |
pn |
| Centro transcriptor |
CDMR |
| 100 1# - PUNTO DE ACCESO PRINCIPAL-NOMBRE DE PERSONA |
| Nombre de persona |
Casas-Alatriste, Roger. |
| 245 10 - MENCIÓN DE TÍTULO |
| Título |
Tu atención, por favor : |
| Resto del título |
claves para captar la atención y generar contenidos sostenibles |
| Mención de responsabilidad, etc. |
/ Roger Casas-Alatriste ; prólogo de Elena Neira |
| 264 #1 - PRODUCCIÓN, PUBLICACIÓN , DISTRIBUCIÓN, FABRICACIÓN Y COPYRIGHT |
| Lugar de producción, publicación, distribución, fabricación |
Madrid : |
| Nombre del productor, editor, distribuidor, fabricante |
Lid Editorial Empresarial S.L., |
| Fecha de de producción, publicación, distribución, fabricación o copyright |
2023. |
| 300 ## - DESCRIPCIÓN FÍSICA |
| Extensión |
174 pàgines |
| 650 #0 - PUNTO DE ACCESO ADICIONAL DE MATERIA - TÉRMINO DE MATERIA |
| 9 (RLIN) |
4887 |
| Término de materia o nombre geográfico como elemento inicial |
Atenció |
| 650 #0 - PUNTO DE ACCESO ADICIONAL DE MATERIA - TÉRMINO DE MATERIA |
| 9 (RLIN) |
2367 |
| Término de materia o nombre geográfico como elemento inicial |
Comunicació |
| Subdivisión de materia general |
Aspectes psicològics |
| 650 #0 - PUNTO DE ACCESO ADICIONAL DE MATERIA - TÉRMINO DE MATERIA |
| 9 (RLIN) |
4161 |
| Término de materia o nombre geográfico como elemento inicial |
Màrqueting digital |
| Subdivisión de materia general |
Aspectes psicològics |
| 906 ## - ELEMENTO F DATOS LOCALES, FDL (RLIN) |
| a |
BOOK |
| 942 ## - ENTRADA DE ELEMENTOS AGREGADOS (KOHA) |
| Fuente de clasificaión o esquema |
|
| Koha [por defecto] tipo de item |
Monografies |